00585nmm a2200145Ia 4500008004100000020001800041041001300059100002700072245015000099264006500249300001700314490003300331650002400364856005100388251105s9999||||xx |||||||||||||||||und|| a9781558857766 aspaaeng aSaldaña, Jr., René 4aThe mystery of the mischievous marker : a Mickey Rangel mystery = El misterio del malvado marcador : Colección Mickey Rangel, detective privado a[Washington, Estados Unidos] :bArte Público Press, c2013 a64 páginas aMickey Rangel Mystery series aAges 9-12 Years Old uhttps://public.digitaliapublishing.com/a/38187